000 00910nam a2200229 a 4500
001 000008169
005 20200929154451.0
008 090915s1999 dr 000 0 spa d
040 _aDO-SdBNP
_bspa
_cBNPHU
082 _a630.97293
_bO49r
100 1 _aOlivo Ponce de León, Emilio Armando,
_d1947-
_919600
245 1 0 _aReflexiones sobre el desarrollo dominicano /
_cEmilio Armando Olivo Ponce de León ; prólogo Rafael Acevedo Pérez.
260 _aSanto Domingo :
_bNuevo Diario :
_bBermúdez & CO CXA,
_c1999.
300 _a199 p. ;
_c21 cm.
500 _aLa biblioteca posee el tomo 5
500 _aIncluye datos biográficos del autor en la contracubierta
650 4 _aAgricultura
_zRepública Dominicana
_91568
650 4 _aGanadería
_zRepública Dominicana
_91548
650 4 _aProducción vegetal
_zRepública Dominicana
_922173
700 1 _aAcevedo Pérez, Rafael,
_epról.
_922174
049 _aBNPD
999 _c7946
_d7946